00414pab a2200145 454500008004000000100002300040245006600063260000900129300001400138362000800152650003500160650001900195700002100214773003300235180718b2002 xxu||||| |||| 00| 0 eng d aDonley, Michael B. aHomeland security: the difference between a vision and a wish c2002 ap.138-44. aSep aState security - United States aState security aPollard, Neal A. aPublic Administration Review